OFC Nations Cup Host Cities - Statistics

General Stats
  • This quiz has been taken 9 times
  • The average score is 11 of 15
Answer Stats
Year(s) of OFC Nations Cup(s) Host City % Correct
2004 Adelaide
100%
1973, 2002, 2008 Auckland
100%
1998 Brisbane
100%
1996 Christchurch
100%
2004 Sydney
100%
2008 Wellington
100%
1996 Canberra
75%
1996, 2004, 2012 Honiara
75%
1980, 2008 Nouméa
75%
2016 Port Moresby
75%
2008 Port Vila
63%
1996 Newcastle
50%
1996, 2000 Papeete
50%
2008 Ba
13%
2008 Lautoka
13%
No matching quizzes found
Score Distribution
Percent of People with Each Score
Percentile by Number Answered
Your Score History
You have not taken this quiz